| 000 | 00680cam a22002413a 4500 | ||
|---|---|---|---|
| 001 | 19848 | ||
| 003 | PGUSA | ||
| 005 | 20140828083424.0 | ||
| 008 | 061117s2006||||xxu|||||s|||||000 | eng d | ||
| 040 |
_aPGUSA _beng |
||
| 042 | _adc | ||
| 050 | 4 | _aHQ | |
| 100 | 1 |
_aSaleeby, C. W. _q(Caleb Williams), _d1878-1940 |
|
| 245 | 1 | 0 |
_aWoman and Womanhood : _bA Search for Principles _h[electronic resource] / _cC. W. Saleeby |
| 260 |
_bProject Gutenberg, _c2006 |
||
| 506 | _aPublic domain in the USA. | ||
| 516 | _aElectronic text | ||
| 653 | _aWomen | ||
| 653 | _aEugenics | ||
| 830 | 0 |
_aProject Gutenberg _v19848 |
|
| 856 | 4 | 0 | _uhttp://www.gutenberg.org/ebooks/19848 |
| 942 | _cEB | ||
| 999 |
_c249103 _d249103 |
||